Dans quel monument ? - Statistiques

Statistiques générales
  • Ce quiz a été pris 105 fois
  • Le résultat moyen est 8 sur 10
Statistiques - réponses
Hint Réponse % Correct
Attentats du 11 septembre (2001) World Trade Center
97%
Equipe de France de Football Championne du monde (1998) Stade de France
95%
Début de la Révolution française (1789) Bastille
94%
Couronnement de Charles III (2023) Abbaye de Westminster
91%
Assassinat de Jules César (44 av JC) Curie de Pompée
90%
Signature du traité de paix de la Première Guerre mondiale (1919) Château de Versailles
89%
Funérailles de Benoit XVI (2023) Basilique Saint-Pierre
84%
Mort de Léonard de Vinci (1519) Clos Lucé
76%
Sacre d'Henri IV (1594) Cathédrale de Chartres
66%
Premier discours d'Emmanuel Macron Président (2017) Louvre
57%
Aucun quiz correspondant
Distribution des résultats
% des personnes avec chaque résultat
Percentile par nombre de réponses
Votre historique - résultats
Vous n’avez pas pris ce quiz